000 00454nam a2200157Ia 4500
008 100204s9999 xx 000 0 und d
082 _b3295
100 _aदास योगेश
245 _aढग पांगले
260 _bनॅशनल बुक ट्रस्ट
_c1973
300 _a151
630 _aढग पांगले
700 _aसरन सुमति
730 _aढग पांगले
942 _cBOOK
999 _c448255
_d448252